<?xml version="1.0" encoding="UTF-8"?>
<collection xmlns="http://www.loc.gov/MARC21/slim">
 <record>
  <leader>01318nam a2200253 a 4500</leader>
  <controlfield tag="001">TVCDKTCT5309</controlfield>
  <controlfield tag="003">Thư viện trường Cao đẳng Kỹ thuật Cao Thắng</controlfield>
  <controlfield tag="005">20170523135641.8</controlfield>
  <controlfield tag="008">060512</controlfield>
  <datafield tag="980" ind1="\" ind2="\">
   <subfield code="a">Thư viện Trường CĐ Kỹ Thuật Cao Thắng</subfield>
  </datafield>
  <datafield tag="024" ind1=" " ind2=" ">
   <subfield code="a">RG_1 #1 eb0 i1</subfield>
  </datafield>
  <datafield tag="041" ind1="0" ind2="#">
   <subfield code="a">vie</subfield>
  </datafield>
  <datafield tag="082" ind1="#" ind2="#">
   <subfield code="a">005 / </subfield>
   <subfield code="b">Đ312T-h</subfield>
  </datafield>
  <datafield tag="100" ind1="1" ind2="#">
   <subfield code="a">Đinh Phan Chí Tâm</subfield>
  </datafield>
  <datafield tag="245" ind1="0" ind2="0">
   <subfield code="a">Hướng dẫn sử dụng Internet bằng hình ảnh / </subfield>
   <subfield code="c">Đinh Phan Chí Tâm</subfield>
  </datafield>
  <datafield tag="250" ind1="#" ind2="#">
   <subfield code="a">In lần thứ 1</subfield>
  </datafield>
  <datafield tag="260" ind1="#" ind2="#">
   <subfield code="a">Tp.HCM : </subfield>
   <subfield code="b">Giao thông vận tải , </subfield>
   <subfield code="c">2004</subfield>
  </datafield>
  <datafield tag="300" ind1="#" ind2="#">
   <subfield code="a">205tr. ; </subfield>
   <subfield code="c">27cm</subfield>
  </datafield>
  <datafield tag="520" ind1="#" ind2="#">
   <subfield code="a">Cuốn sách cung cấp cho bạn đọc những kinh nghiệm trong việc sử dụng Internet, cuốn sách bao gồm các phần nhu: Sử dụng hộp thư Yahoo mail, chát với Yahoo messenger, sử dụng hotmail, chat với window messenger, nhắn tin cho điện thoại di động, chat với Vietfun, kiếm thông tin trên Internet, gọi điện thoại bằng internet...</subfield>
  </datafield>
  <datafield tag="650" ind1="#" ind2="4">
   <subfield code="a">Internet</subfield>
  </datafield>
  <datafield tag="650" ind1="#" ind2="4">
   <subfield code="a">Internet--Hình ảnh</subfield>
  </datafield>
  <datafield tag="650" ind1="#" ind2="4">
   <subfield code="a">Internet--Hướng dẫn sử dụng</subfield>
  </datafield>
  <datafield tag="721" ind1="#" ind2="#">
   <subfield code="a">Công nghệ thông tin</subfield>
  </datafield>
  <datafield tag="841" ind1="#" ind2="#">
   <subfield code="b">Kho Sách </subfield>
   <subfield code="j">100017355, 100017356, 100023861, 100023862</subfield>
  </datafield>
 </record>
</collection>
